000 00674nam a2200193Ia 4500
003 GCL
008 140319s9999 xx 000 0 ara d
040 _aGCL /
_cGCL
082 0 4 _a414
_bر ب
100 1 _aربيعى محمد على عبد الخالق
245 1 0 _aالبلاغة العربية وسائلها وغايتها فى التصوير البيانى /
_cربيعى محمد على عبد الخالق
260 _a[S.N] :
_bدار المعرفة الجامعية ،
_c1989
300 _a97 ص
490 _a
650 0 4 _aاللغة العربية
650 0 4 _aالبلاغة العربية
650 0 4 _aالكتابة الفنية
942 _2ddc
_cBK
999 _c41759
_d41759